Marines ayant des sous-marins. - Statistiques

Statistiques générales
  • Ce quiz a été pris 630 fois
    76 depuis la dernière actualisation
  • Le résultat moyen est 28 sur 38
Statistiques - réponses
Total Marines % Correct
10 France
100%
72 États-Unis
100%
63 Russie
100%
11 Royaume-Uni
100%
76 Chine
97%
15 Inde
96%
21 Japon
93%
6 Australie
90%
3 Espagne
89%
25 Corée du sud
87%
7 Italie
87%
5 Brésil
87%
6 Allemagne
85%
83 Corée du Nord
85%
4 Canada
83%
6 Norvège
80%
5 Suède
79%
8 Pakistan
79%
4 Argentine
76%
13 Turquie
76%
4 Algérie
75%
3 Afrique du Sud
73%
21 Iran
73%
2 Portugal
72%
9 Grèce
68%
6 Israël
68%
4 Égypte
68%
2 Indonésie
65%
4 Chili
62%
5 Pologne
56%
4 Colombie
56%
2 Vénézuela
52%
6 Pérou
51%
4 Pays-Bas
45%
4 Taiwan
45%
5 Malaise
38%
2 Équateur
27%
5 Singapoure
24%
Aucun quiz correspondant
Distribution des résultats
% des personnes avec chaque résultat
Percentile par nombre de réponses
Votre historique - résultats
Vous n’avez pas pris ce quiz depuis la dernière actualisation